000 00339nam a22001457a 4500
003 SGT
020 _a9789357773515
082 _a617
_bP23M
100 _aMehta, Nihar P.
245 _aP. J. Mehta's Practical Medicine
260 _aMumbai, India
_bNational Book Depot
_c2023
300 _a638
650 _aMedicine
942 _2ddc
_cBK
_0173
999 _c24502
_d24502